000 00702nam a22002177a 4500
003 OSt
005 20230726102220.0
008 221006b |||||||| |||| 00| 0 eng d
040 _cBiblioteca Lado V
082 _a708
_bI65s
100 _9915
_aIraheta, Walter
_ecurador
245 _aSin Complejos/
260 _bCentro Cultural de EspaƱa
_c2009
_aEl Salvador
300 _c17x17cm
_a28p.
366 _espa
650 _2Tesauro de Arte & Arquitectura
_aARTE
_9703
650 _2Tesauro de Arte & Arquitectura
_aEXPOSICION
_9702
650 _2Tesauro de Arte & Arquitectura
_aCATALOGO
651 _2Tesauro de Arte & Arquitectura
_aEL SALVADOR
942 _2ddc
_c1
_h708
_iI65s
_n0
999 _c4092
_d4092